| 000 | 01983nam0a2200409 4500 | ||
|---|---|---|---|
| 001 | RU\NLR\BIBL_A\016370419 | ||
| 005 | 20230915163701.0 | ||
| 010 | _a978-5-91103-653-9 | ||
| 010 | _a978-5-4330-0200-5 | ||
| 021 |
_aRU _bКН-П-23-025491 _9КН-П-23-2532 |
||
| 035 | _a(NLR Aleph) 016370419 | ||
| 035 | _a(RuMoRGB)011737301 | ||
| 090 |
_a13180379 _c13180379 |
||
| 100 | _a20230516d2023 u y0rusy50 ca | ||
| 101 | 1 |
_arus _ceng |
|
| 102 | _aRU | ||
| 105 | _aa|||j|||000zy | ||
| 181 | 0 |
_ab2 _bxb2e |
|
| 181 | 0 |
_ai2 _baxxe |
|
| 182 | 0 | _an | |
| 200 | 1 |
_aДетский рисунок _eпочему, когда и как дети занимаются изобразительным творчеством _eруководство для родителей и педагогов _fМэрилин Дж. С. Гудмен _gперевод с англ.: Александра Соколинская |
|
| 203 |
_aИзображение _aТекст _bвизуальные _cнепосредственные |
||
| 205 | _a2-е изд. | ||
| 210 |
_aМосква _cАд Маргинем Пресс _cABCdesign _d2023 |
||
| 215 |
_a191 с. _cил., цв. ил. _d19 |
||
| 300 | _aЗагл. и авт. ориг.: Children draw / Marilyn JS Goodman | ||
| 320 | _aБиблиогр.: с. 187-188 | ||
| 454 | 0 |
_12001#$aChildren draw$fMarilyn JS Goodman _1700#1$aGoodman$bM. JS$gMarilyn JS |
|
| 606 | 1 |
_aДети _xОбучение рисованию _jРуководства, пособия и т.п _2nlr_sh2 _3RU\NLR\AUTH\661516839 |
|
| 606 | 1 |
_aДети _xИзобразительная деятельность _xПсихологические исследования _jРуководства, пособия и т.п _2nlr_sh2 _3RU\NLR\AUTH\661319080 |
|
| 686 | 1 | _aЧ313.558.2я7 | |
| 686 | 1 | _aЮ984.542я7 | |
| 700 | 1 |
_aГудмен _bМ. Д. С. _gМэрилин Дж. С. |
|
| 942 | _cBOOK | ||
| 980 | _aNB | ||